La escuela del pueblo : (Record no. 103554)

MARC details
000 -LEADER
campo de control de longitud fija 03326nam a2200289 i 4500
001 - NÚMERO DE CONTROL
campo de control 103554
003 - IDENTIFICADOR DE NÚMERO DE CONTROL
campo de control ES-MaACL
005 - FECHA Y HORA DE LA ÚLTIMA TRANSACCIÓN
campo de control 20250905123854.0
007 - CAMPO FIJO DE DESCRIPCIÓN FÍSICA--INFORMACIÓN GENERAL
campo de control de longitud fija t|
008 - DATOS DE LONGITUD FIJA--INFORMACIÓN GENERAL
campo de control de longitud fija 931025m18521853sp e |||| |dspa d
080 ## - NÚMERO DE LA CLASIFICACIÓN DECIMAL UNIVERSAL
Número de la Clasificación Decimal Universal (031)
245 03 - MENCIÓN DEL TÍTULO
Título La escuela del pueblo :
Resto del título páginas de enseñanza universal, seguidas de una recopilación de las obras más selectas que se hayan escrito y escriban en todos los países para perfeccionar el entendimiento humano /
Mención de responsabilidad, etc. su director, Wenceslao Ayguals de Izco.
260 ## - PUBLICACIÓN, DISTRIBUCIÓN, ETC.
Lugar de publicación, distribución, etc. Madrid :
Nombre del editor, distribuidor, etc. [s.n.],
Fecha de publicación, distribución, etc. 1852-1853 (
Fabricante Imp. de Ayguals de Izco Hermanos)
300 ## - DESCRIPCIÓN FÍSICA
Extensión 14 t. en 9 v. ;
Dimensiones 16 cm.
505 8# - NOTA DE CONTENIDO CON FORMATO
Nota de contenido con formato Contiene: I. El arte de estudiar. Compendio de la gramática española. Lecciones de literatura y preceptos de elocuencia. Mitología. Lecciones de moral. Colección de máximas morales. La moral en acción. Principios de buena sociedad - II. Aritmética. Geografía general. Compendio de historia natural. Geometría elemental. Ciento y una maravillas de la naturaleza y del arte. Maravillas del interior de la tierra y de su origen. De las causas de las revoluciones del Globo - III. Fenómenos de la atmósfera. Astronomía. Física recreativa. Trozos selectos de los estudios sobre la naturaleza. Compendio de Bufón. Química recreativa. Botánica en miniatura. Mineralogía en compendio - IV. Historia del pueblo hebreo. Historia antigua. Historia de la República romana. Historia de la ciudad de Cartago desde su fundación hasta la invasión de los vándalos en el África / escrita en francés por Dureau de la Malle y J. Yanoski ; trad... por Vicente Diez Canseco - V. [Continuación del v. IV] - VI. Historia de los emperadores romanos desde Augusto hasta la caída de Augustulo. Historia del Bajo-Imperio y de los emperadores romanos de Oriente, desde Arcadio hasta la toma de Constantinopla por los turcos, e historia de las Cruzadas. Compendio de la historia de España / escrita en francés por P. Duchesne ; trad... por José Francisco de Isla... continuada hasta doña Isabel II - VII. [Continuación del v. VI] - VIII. Historia de Portugal. Historia de las Galias. Historia de Francia - IX. Historia de Italia. Historia de Alemania. Historia de Inglaterra. Historia de Prusia. Historia de Polonia - X. Historia de Dinamarca, de Suecia y Noruega. Historia de Rusia. Historia de los árabes y turcos. Historia de los establecimientos de los europeos en las Indias Orientales. Historia del descubrimiento de la América. Historia de las provincias unidas del Río de la Plata y del Paraguay - XI. Historia de la República de los Estados Unidos. Economía política. Economía doméstica. Teneduría de libros por partida doble. Arte heráldica o ciencia del blasón - XII-XIV. Teatro crítico universal... / Benito Gerónimo Feijoó
650 #4 - PUNTO DE ACCESO ADICIONAL DE MATERIA--TÉRMINO DE MATERIA
Término de materia o nombre geográfico como elemento de entrada Anarquismo-
Subdivisión geográfica España-
Subdivisión de forma Enciclopedias.
9 (RLIN) 9795
650 #4 - PUNTO DE ACCESO ADICIONAL DE MATERIA--TÉRMINO DE MATERIA
Término de materia o nombre geográfico como elemento de entrada Enciclopedias.
9 (RLIN) 12235
700 1# - ENTRADA AGREGADA--NOMBRE PERSONAL
Nombre de persona Ayguals de Izco, Wenceslao,
Fechas asociadas al nombre 1801-1873
9 (RLIN) 125761
700 1# - ENTRADA AGREGADA--NOMBRE PERSONAL
Nombre de persona Dureau de La Malle, Adolphe.
9 (RLIN) 46285
700 1# - ENTRADA AGREGADA--NOMBRE PERSONAL
Nombre de persona Yanoski, Jean.
9 (RLIN) 117561
700 1# - ENTRADA AGREGADA--NOMBRE PERSONAL
Nombre de persona Díez Canseco, Vicente.
9 (RLIN) 44689
700 1# - ENTRADA AGREGADA--NOMBRE PERSONAL
Nombre de persona Duchesne, Jean-Baptiste-Philoppoteau.
9 (RLIN) 45828
700 1# - ENTRADA AGREGADA--NOMBRE PERSONAL
Nombre de persona Isla, José Francisco de.
9 (RLIN) 65573
700 1# - ENTRADA AGREGADA--NOMBRE PERSONAL
Nombre de persona Feijoo, Benito Jerónimo,
Fechas asociadas al nombre 1676-1764
9 (RLIN) 49105
852 4# - LOCALIZACIÓN
Ubicación ES-MaACL
Número de control de estantería D-2772-80
Holdings
Estatus retirado Estado de pérdida Estado de daño No para préstamo Colección Biblioteca de origen Biblioteca actual Ubicación en estantería Fecha de adquisición Fuente de adquisición Total de préstamos Signatura topográfica completa Código de barras Visto por última vez Precio de reemplazo Tipo de ítem Koha
        Colección de referencia Biblioteca del Ateneo de Madrid Biblioteca del Ateneo de Madrid Sala Valle Inclán 17/01/2008     D-2772-80 901108121 23/02/2023 23/02/2023 Libro impreso antiguo